<?xml version="1.0" encoding="UTF-8"?>
<collection xmlns="http://www.loc.gov/MARC21/slim">
 <record>
  <leader>01772am aa2000457i 44500</leader>
  <controlfield tag="001">1/52374</controlfield>
  <controlfield tag="008"> 780727s1979    wiua     bs   001 0 eng </controlfield>
  <datafield tag="010" ind1=" " ind2=" ">
   <subfield code="a"> 78053290 </subfield>
  </datafield>
  <datafield tag="015" ind1=" " ind2=" ">
   <subfield code="a">801539382</subfield>
  </datafield>
  <datafield tag="016" ind1=" " ind2=" ">
   <subfield code="a">(AMICUS)000000509881</subfield>
  </datafield>
  <datafield tag="020" ind1=" " ind2=" ">
   <subfield code="a">0043350380</subfield>
  </datafield>
  <datafield tag="020" ind1=" " ind2=" ">
   <subfield code="a">0299076407</subfield>
  </datafield>
  <datafield tag="020" ind1=" " ind2=" ">
   <subfield code="a">9780043350386</subfield>
  </datafield>
  <datafield tag="020" ind1=" " ind2=" ">
   <subfield code="a">9780299076405</subfield>
  </datafield>
  <datafield tag="035" ind1=" " ind2=" ">
   <subfield code="a">(OCoLC)04136234</subfield>
   <subfield code="z">(OCoLC)988405974</subfield>
  </datafield>
  <datafield tag="035" ind1=" " ind2=" ">
   <subfield code="a">(OCoLC)ocm04136234 </subfield>
  </datafield>
  <datafield tag="040" ind1=" " ind2=" ">
   <subfield code="a">DLC</subfield>
   <subfield code="b">eng</subfield>
   <subfield code="c">DLC</subfield>
   <subfield code="d">OCLCQ</subfield>
   <subfield code="d">MUQ</subfield>
   <subfield code="d">BAKER</subfield>
   <subfield code="d">NLGGC</subfield>
   <subfield code="d">BTCTA</subfield>
   <subfield code="d">OCLCG</subfield>
   <subfield code="d">YDXCP</subfield>
   <subfield code="d">AU@</subfield>
   <subfield code="d">NIALS</subfield>
   <subfield code="d">BDX</subfield>
   <subfield code="d">OCLCO</subfield>
   <subfield code="d">OCLCF</subfield>
   <subfield code="d">OCLCQ</subfield>
   <subfield code="d">DEBSZ</subfield>
   <subfield code="d">OCLCO</subfield>
   <subfield code="d">NLC</subfield>
   <subfield code="d">TYC</subfield>
   <subfield code="d">DHA</subfield>
   <subfield code="d">OCLCQ</subfield>
   <subfield code="d">UKBTH</subfield>
  </datafield>
  <datafield tag="043" ind1=" " ind2=" ">
   <subfield code="a">e-ur---</subfield>
  </datafield>
  <datafield tag="045" ind1=" " ind2=" ">
   <subfield code="a">x5x7</subfield>
  </datafield>
  <datafield tag="050" ind1=" " ind2=" ">
   <subfield code="a">HC340.I5</subfield>
   <subfield code="b">M2</subfield>
  </datafield>
  <datafield tag="055" ind1=" " ind2=" ">
   <subfield code="a">HC340.I5M2</subfield>
  </datafield>
  <datafield tag="080" ind1=" " ind2=" ">
   <subfield code="a">339(47</subfield>
  </datafield>
  <datafield tag="082" ind1=" " ind2=" ">
   <subfield code="a">339.20947 MCA</subfield>
  </datafield>
  <datafield tag="084" ind1=" " ind2=" ">
   <subfield code="a">83.32</subfield>
   <subfield code="2">bcl</subfield>
  </datafield>
  <datafield tag="100" ind1="1" ind2=" ">
   <subfield code="a">McAuley, Alastair,</subfield>
   <subfield code="d">1938-</subfield>
  </datafield>
  <datafield tag="245" ind1="1" ind2="0">
   <subfield code="a">Economic welfare in the Soviet Union :</subfield>
   <subfield code="b">poverty, living standards, and inequality /</subfield>
   <subfield code="c">Alastair McAuley.</subfield>
  </datafield>
  <datafield tag="260" ind1=" " ind2=" ">
   <subfield code="a">Madison :</subfield>
   <subfield code="b">University of Wisconsin Press,</subfield>
   <subfield code="c">1979.</subfield>
  </datafield>
  <datafield tag="300" ind1=" " ind2=" ">
   <subfield code="a">xix, 389 pages :</subfield>
   <subfield code="b">illustrations ;</subfield>
   <subfield code="c">24 cm.</subfield>
  </datafield>
  <datafield tag="504" ind1=" " ind2=" ">
   <subfield code="a">Includes bibliographical references (pages 373-382) and index.</subfield>
  </datafield>
  <datafield tag="650" ind1=" " ind2="4">
   <subfield code="a">Income distribution</subfield>
   <subfield code="z">Soviet Union.</subfield>
  </datafield>
  <datafield tag="650" ind1=" " ind2="4">
   <subfield code="a">Εισόδημα, Κατανομή του</subfield>
   <subfield code="z">Σοβιετική Ένωση.</subfield>
  </datafield>
  <datafield tag="650" ind1=" " ind2="4">
   <subfield code="a">Poor</subfield>
   <subfield code="z">Soviet Union.</subfield>
  </datafield>
  <datafield tag="650" ind1=" " ind2="4">
   <subfield code="a">Pauvres</subfield>
   <subfield code="z">Russie.</subfield>
  </datafield>
  <datafield tag="650" ind1=" " ind2="4">
   <subfield code="a">Revenu</subfield>
   <subfield code="x">Repartition</subfield>
   <subfield code="z">Russie.</subfield>
  </datafield>
  <datafield tag="650" ind1=" " ind2="7">
   <subfield code="a">Income distribution</subfield>
   <subfield code="2">fast</subfield>
  </datafield>
  <datafield tag="650" ind1=" " ind2="7">
   <subfield code="a">Poor</subfield>
   <subfield code="2">fast</subfield>
  </datafield>
  <datafield tag="651" ind1=" " ind2="7">
   <subfield code="a">Soviet Union</subfield>
   <subfield code="2">fast</subfield>
  </datafield>
  <datafield tag="776" ind1=" " ind2=" ">
   <subfield code="i">Online version:</subfield>
   <subfield code="a">McAuley, Alastair, 1938-</subfield>
   <subfield code="t">Economic welfare in the Soviet Union.</subfield>
   <subfield code="d">Madison : University of Wisconsin Press, ℗♭1979</subfield>
   <subfield code="w">(OCoLC)610206333</subfield>
  </datafield>
  <datafield tag="852" ind1=" " ind2=" ">
   <subfield code="a">INST</subfield>
   <subfield code="b">UNIPILB</subfield>
   <subfield code="c">MAIN</subfield>
   <subfield code="e">20210721</subfield>
   <subfield code="h">339.20947 MCA</subfield>
   <subfield code="p">00183104</subfield>
   <subfield code="q">00183104</subfield>
   <subfield code="t">LOAN</subfield>
   <subfield code="y">0</subfield>
   <subfield code="4">1</subfield>
  </datafield>
  <datafield tag="960" ind1=" " ind2=" ">
   <subfield code="a">GEORGE</subfield>
  </datafield>
  <datafield tag="960" ind1=" " ind2=" ">
   <subfield code="a">ΜΑΡΙΑ ΒΕΛ</subfield>
  </datafield>
 </record>
</collection>
